00631nam a22002057a 450000500170000001000130001702000260003003500130005603700160006904000120008508200160009710000180011324500630013126000470019427000720024130000230031350000510033665000180038765000200040520170124110233.0 aB-219898 c760.00a9798177081021 aB-219898 bCen Lib/Ret aDPLbEN a336.54bRAO aRao, Hemlata  aFiscal federalism :cby Hemlata Raobissues and policies / aNew DelhibNew Century publications c2006 bNew Delhia4800/24, Bharat Ram Raod, Ansari road Darayaganje110002 axi,355p.c22cm(Hb) aIncludes bibliographical references and index  aFiscal policy aFederal finance